| 000 | 01252nam a22003137a 4500 | ||
|---|---|---|---|
| 001 | BR2010003559 | ||
| 003 | BR-BrBNA | ||
| 005 | 20230928103519.0 | ||
| 007 | ta | ||
| 008 | 230509b bl.||||| |||| 00| 0 por d | ||
| 040 |
_aBR-BrBNA _bpor _cBiblioteca Nacional de Agricultura |
||
| 041 | _a(Por) | ||
| 072 | _aP35; P34 | ||
| 090 | _ P35 BR2010003559 | ||
| 110 | 1 |
_aSociedade Brasileira de Ciência, Santa Maria, RS (Brasil) _99665 |
|
| 110 | 1 | _aSociedade Brasileira de Microbiologia, Santa Maria, RS (Brasil) | |
| 110 | 1 |
_aUniversidade Federal Rural do Rio de Janeiro, RJ (Brasil) _911244 |
|
| 111 | 1 |
_a25. Reunião Brasileira de Fertilidade do Solo e nutrição de Plantas9. Reunião Brasileira Sobre Micorrizas7. Simpósio Brasileiro de Microbiologia do Solo 4. Reunião Brasileira de Biologia do Solo _cRio de Janeiro, RJ (Brazil) _d8-13 Sep 2002 |
|
| 245 | 1 | _aAgricultura: bases ecológicas para o desenolvimento social e econômico sustentado | |
| 260 | 3 |
_aRio de Janeiro, RJ (Brasil): _c2002. |
|
| 300 | _a201 p. | ||
| 650 | _aFERTILIDADE DO SOLO | ||
| 650 | _aNUTRIÇÃO VEGETAL | ||
| 650 | _aMICORRIZA | ||
| 650 | _aMICROBIOLOGIA DO SOLO | ||
| 650 | _aBIOLOGIA DO SOLO | ||
| 909 |
_a202309 _bLucia _c55 _dLucia Elande |
||
| 942 | _cBK | ||
| 999 |
_c75438 _d75438 |
||